000 00784am a2200301a 44500
003 AR-BaBNM
005 20251128211142.0
008 063020s1976 #AR|||||||||||000 | spa||
020 _a84-253-0655-8
040 _cAR-BaBNM
100 1 _aRoosevelt, Elliott
245 1 0 _aLos Roosevelt de Hyde Park
_buna historia inédita
260 _aBarcelona
_bGrijalbo
_c1976
300 _a433 p.
_bláms.
650 4 _aHISTORIA NORTEAMERICANA
650 4 _aPRESIDENCIA
650 4 _aHISTORIA DE LAS COSTUMBRES
650 4 _aBIOGRAFIAS
650 4 _aPODER POLITICO
650 4 _aESTADO
650 4 _aPARTIDOS POLITICOS
650 4 _aHISTORIA SOCIAL
650 4 _aHISTORIA POLITICA
651 4 _aEstados Unidos
700 1 _aBrough, James
942 _cBK
998 _cmariana
999 _c18470
_d18470